000 00523nam a2200193Ia 4500
005 20250508151006.0
008 008 250505s9999 xx 000 0 eng d
037 _aReference
040 _aFEDL
_beng
_cFEDL
041 _aeng
_2eng
084 _a153.93, WEC
_qFEDL
100 _aWechsler David
245 0 _aMeasurement of adult intelligence
250 _a3
260 _aBaltimore
_bWilliams & Wilkins Company
_c1950
300 _avii,258p
942 _cREF
_h153.93, WEC
999 _c1326912
_d1326912